The geopolitics of globalization (Record no. 7094)

MARC details
000 -LEADER
fixed length control field 00776 a2200205 4500
005 - DATE AND TIME OF LATEST TRANSACTION
control field 20080924110523.0
008 - FIXED-LENGTH DATA ELEMENTS--GENERAL INFORMATION
fixed length control field 080924t xxu||||| |||| 00| 0 eng d
010 ## - LCCN (DPL NO)
LC control number ENG-87834
020 ## - INTERNATIONAL STANDARD BOOK NUMBER
International Standard Book Number 0195693035
Terms of availability 345.00
035 ## - SYSTEM CONTROL NUMBER
System control number EN-71367
037 ## - SOURCE OF ACQUISITION
Source of stock number/acquisition D.B.Act / Pub
082 ## - DEWEY DECIMAL CLASSIFICATION NUMBER
Classification number 327
100 ## - MAIN ENTRY--PERSONAL NAME
Personal name Nayar, Baldev Raj
245 ## - TITLE STATEMENT
Title The geopolitics of globalization
Statement of responsibility, etc By Baldev Raj Nayar
Remainder of title the consequences for development
260 ## - PUBLICATION, DISTRIBUTION, ETC. (IMPRINT)
Place of publication, distribution, etc New Delhi
Name of publisher, distributor, etc Oxford University Press
Date of publication, distribution, etc 2007
300 ## - PHYSICAL DESCRIPTION
Extent xii, 301 p.
Dimensions 22 cm. (Pbk.)
500 ## - GENERAL NOTE
General note Includes bibliograpgical references and index
942 ## - ADDED ENTRY ELEMENTS (KOHA)
Institution code [OBSOLETE] dpl
Item type English Books
Call number prefix 327 / NAY
Source of classification or shelving scheme Dewey Decimal Classification
Classification part 327
Call number suffix NAY
Holdings
Withdrawn status Lost status Source of classification or shelving scheme Damaged status Not for loan Collection code Home library Current library Date acquired Cost, normal purchase price Total Checkouts Full call number Barcode Date last seen Copy number Cost, replacement price Koha item type
    Dewey Decimal Classification   Not For Loan Non-fiction D.B.Act.Division D.B.Act.Division 24/09/2008 345.00   327 NAY EN-71367 15/09/2008 1 345.00 English Books

© Delhi Public Library
Hit Counter
free hit counter